| 000 | 01146cam a2200325 a 4500 | ||
|---|---|---|---|
| 999 |
_c1938 _d1938 |
||
| 003 | OSt | ||
| 005 | 20210702093239.0 | ||
| 008 | 910528s1991 paua b 001 0 eng c | ||
| 020 | _a0397512058 | ||
| 040 | _cDLC | ||
| 050 | 0 | 0 |
_aRC655 _b.W39 1991 |
| 060 | _aWK 200 W492 | ||
| 245 | 0 | 0 |
_aWerner and Ingbar's the thyroid : _ba fundamental and clinical text. |
| 250 |
_a6th ed. / _bedited by Lewis E. Braverman, Robert D. Utiger ; with 114 contributors. |
||
| 260 |
_aPhiladelphia : _bLippincott, _cc1991. |
||
| 300 |
_axxiii, 1365 p. : _bill. ; _c26 cm. |
||
| 500 | _aRev. ed. of: Werner's the thyroid / edited by Sidney H. Ingbar, Lewis E. Braverman. 5th ed. c1986. | ||
| 504 | _aIncludes bibliographical references and index. | ||
| 650 | 0 |
_aThyroid gland _xDiseases. |
|
| 650 | 0 |
_aThyroid gland _xPhysiology. |
|
| 650 | 2 | _aThyroid Diseases. | |
| 650 | 2 | _aThyroid Gland. | |
| 700 | 1 |
_aBraverman, Lewis E., _d1929- |
|
| 700 | 1 | _aUtiger, Robert D. | |
| 700 | 1 | _aWerner, Sidney C. | |
| 700 | 1 | _aIngbar, Sidney H. | |
| 906 |
_a7 _bcbc _corignew _d1 _eocip _f19 _gy-gencatlg |
||
| 942 |
_2lcc _cBK _nSO |
||